00636nam a2200169 i 4500001000300000245009900003250001300102260005700115300008200172650001700254020002900271040000800300041000700308080001200315008004100327856009800368bg00aThe New Encyclopaedia Britannica.nVol.15,pMacropaedia : knowledge in depth [Birds-Chemical]. a15th ed. aChicago [et al.] :bEncyclopaedia Britannica,c1995. a[3], 1098 s., 6 k. tabl. :bfot., mapy, portr., rys. (w tym kolor.) ;c29 cm. 9aEncyklopedia a0852296053 (całość) cBPK0 aen a0/9(03) s pl f |000 0 pol  uhttp://koha.tu.koszalin.pl/cgi-bin/koha/opac-detail.pl?biblionumber=33123yKatalog online BPK